000 00975nam a2200301 i 4500
003 EG-ScBUE
005 20260203100550.0
008 181204s2021 ua f 000 f ara d
017 _a2018 / 26137
020 _a9789778240627
040 _aEG-ScBUE
_bara
_erda
_cEG-ScBUE
_dEG-ScBUE
043 _af-ua---
082 0 4 _a892.737
_bص ا د
_222
100 1 _aصادق، محمد،
_d1987-
_eمؤلف.
_941953
245 1 0 _aطه الغريب :
_bرواية /
_cمحمد صادق.
250 _aالطبعة الرابعة.
264 1 _aالقاهرة :
_bالرواق للنشر والتوزيع،
_c2021.
300 _a261 صفحة ؛
_c20 سم
336 _2rdacontent
_aنص
_btxt
337 _2rdamedia
_aبدون وسيط
_bn
338 _2rdacarrier
_aمجلد
_bnc
541 _cBook Fair 2026.
650 7 _aالقصص العربية
_zمصر
_yقرن21
_2BUEsh
651 _2BUEsh
653 _bARALIT
_bGGEN
_cJanuary2026
655 _vReading book
942 _2ddc
999 _c31064
_d31035